000 00750nam a2200313Ia 4500
001 4956
003 9846
005 20250406062544.0
008 ||||||n9999 ||| || ||
041 _afre
082 _221
_a338
100 _aMarchal, Jean
_96435
245 0 _aExpansion et recession
_bInitiation aux mecanismes generaux de l'economie
260 _aFrancia :
_bCujas,
_c1963.
300 _a221p
562 _e1
650 0 _aCrisis económica
_94747
650 0 _aDesarrollo económico
_91884
650 0 _aInflación
_95578
650 _aPROBLEMA ECONÓMICO
_94302
942 _cBKM
999 _c4956
_d4956
526 _a116204
526 _a4969
526 _a19790
526 _a104436
526 _a5144
526 _a51868
526 _a1697